000 00526nam a2200169 4500
001 13896
005 20230410123515.0
008 060907n1997 dr spa
035 _9funglode14016
041 _aES
050 1 4 _aKGQ 2919 A485c 1997
100 _aAmaro Guzmán, Raymundo
245 1 3 _aLa constituyente en la evolución constitucional dominicana :
_bexperiencias latinoamericanas /
_cRaymundo Amaro Guzmán
260 _aSanto Domingo :
_bPublicaciones ONAP,
_c1997
300 _a81 p.
942 _2lcc
_cbk
999 _c62841
_d62841